000 00720nam a2200217Ii 4500
003 JO-AjNU
008 230605s9999||||xx |||||||||||||| ||und||
017 _a1988/5/468
040 _aJO-AjNU
_bara
_erda
_cJO-AjNU
041 _aara
050 1 4 _aBP144.Z8388 1988
100 3 _aالزحيلي، محمد,
_eauthor
_912782
245 0 0 _aتعريف عام بالعلوم الشرعية
250 _aط1
264 3 1 _aدمشق: دار طلاس للدراسات والنشر والترجمة، 1988
300 _a256ص
336 _atext
_btxt
_2rdacontent
337 _aunmediated
_bn
_2rdamedia
338 _avolume
_bnc
_2rdacarrier
650 4 _aالشريعة الاسلامية- الفقه الاسلامي
_912783
999 _aA3009
_c6577
_d6577